Entry Personal Name
Number of records used in: 1
001 - CONTROL NUMBER
003 - CONTROL NUMBER IDENTIFIER
005 - DATE AND TIME OF LATEST TRANSACTION
- control field:
20230819113946.0
008 - FIXED-LENGTH DATA ELEMENTS
- fixed length control field:
851120n| azannaabn |n aaa
010 ## - LIBRARY OF CONGRESS CONTROL NUMBER
- LC control number:
n 85826107
024 7# - OTHER STANDARD IDENTIFIER
- Standard number or code:
000000011609672X
- Source of number or code:
isni
024 7# - OTHER STANDARD IDENTIFIER
- Standard number or code:
24924757
- Source of number or code:
viaf
024 7# - OTHER STANDARD IDENTIFIER
- Standard number or code:
0000-0002-8378-6496
- Source of number or code:
orcid
035 ## - SYSTEM CONTROL NUMBER
- System control number:
(OCoLC)oca01442181
040 ## - CATALOGING SOURCE
- Original cataloging agency:
DLC
- Language of cataloging:
eng
- Description conventions:
rda
- Transcribing agency:
DLC
- Modifying agency:
DLC
- Modifying agency:
OCoLC
- Modifying agency:
OKS
100 1# - HEADING--PERSONAL NAME
- Personal name:
Sharda, Ramesh
370 ## - ASSOCIATED PLACE
- Other associated place:
Stillwater (Okla.)
- Source of term:
naf
371 ## - ADDRESS
- Electronic mail address:
ramesh.sharda@okstate.edu
372 ## - FIELD OF ACTIVITY
- Field of activity:
Business intelligence
- Field of activity:
Decision support systems
- Source of term:
lcsh
373 ## - ASSOCIATED GROUP
- Associated group:
Oklahoma State University. Department of Management Science and Information Systems
374 ## - OCCUPATION
374 ## - OCCUPATION
- Occupation:
College teachers
- Source of term:
lcsh
375 ## - GENDER
377 ## - ASSOCIATED LANGUAGE
670 ## - SOURCE DATA FOUND
- Source citation:
nuc85-73376: His Estimation of the economic worth ... 1983
- Information found:
(hdg. on CoFS rept.: Sharda, Ramesh; usage: Ramesh Sharda)
670 ## - SOURCE DATA FOUND
- Source citation:
Impact of recent computer advances on operations research, c1989:
- Information found:
CIP t.p. (Ramesh Sharda; Coll. of Bus. Admin., Oklahoma State Univ., Stillwater, Okla., U.S.A.)
670 ## - SOURCE DATA FOUND
- Source citation:
Oklahoma State University Management Science and Information Systems faculty profile, viewed March 8, 2017
- Information found:
Ramesh Sharda, Vice Dean of the Watson Graduate School of Management, Chuck and Kim Watson Chair, Regents Professor of Mgmt. Science and Information Systems, ConocoPhillips Chair in Technology Management; ramesh.sharda@okstate.edu